| 000 -LEADER |
| fixed length control field |
00792nam a22002297a 4500 |
| 008 - FIXED-LENGTH DATA ELEMENTS--GENERAL INFORMATION |
| fixed length control field |
131028b xxu||||| |||| 00| 0 alb d |
| 020 ## - INTERNATIONAL STANDARD BOOK NUMBER |
| International Standard Book Number |
9789994314621 |
| 041 0# - LANGUAGE CODE |
| Language code of text/sound track or separate title |
alb |
| 080 ## - UNIVERSAL DECIMAL CLASSIFICATION NUMBER |
| Universal Decimal Classification number |
323.1 |
| Common auxiliary subdivision |
(=18:496.51) (047) |
| 100 1# - Rafti |
| -- |
Milo, Paskal |
| 245 10 - TITLE STATEMENT |
| Title |
Kosova, nga Rambuje në pavarësi : |
| Statement of responsibility, etc |
Paskal Milo. |
| 260 ## - |
| -- |
Tiranë : |
| -- |
Toena ; |
| -- |
2009. |
| 300 ## - |
| -- |
275 f. ; |
| -- |
20 cm. |
| 500 ## - |
| -- |
Botohet me rastin e 1-vjetoit të Pavarësisë së Kosovës dhe 10-vjetorit të Konferencës së Rambujesë |
| 500 ## - |
| -- |
Parathënie : f. [9]-11 |
| 505 ## - |
| -- |
Indeksi i emrave : f. 269-275 |
| 650 #0 - |
| -- |
Çështja e Kosovës |
| 650 #0 - |
| -- |
Kosova |
| -- |
Marrëdhëniet me jashtë |
| 650 #0 - |
| -- |
Marrëveshja e Rambujesë |
| 650 #0 - |
| -- |
Intervistat |
| -- |
1997-2008 |
| 942 ## - ADDED ENTRY ELEMENTS (KOHA) |
| Source of classification or shelving scheme |
|
| Item type |
Books |